The genesis of German conservatism.

Bibliographic Details
Main Author: Epstein, Klaus
Format: Book
Language:English
Published: Princeton, N.J. : Princeton University Press, 1966.
Subjects:

MARC

Tag First Indicator Second Indicator Subfields
LEADER 00000cam a2200000 4500
001 in00000059729
005 20151008050520.0
008 731003s1966 nju b 00000 eng
010 |a  66011970  
035 |a (OCoLC)00191640 
035 |9 AAG1515AM 
040 |a DLC  |c DLC  |d TXA  |d UtOrBLW 
043 |a e-gx--- 
049 |a TXAM  |c [464288] 
050 0 0 |a DD65  |b .E6 
082 0 |a 320.50943 
092 |a 320.52  |b E64g 
100 1 |a Epstein, Klaus. 
245 1 4 |a The genesis of German conservatism. 
264 1 |a Princeton, N.J. :  |b Princeton University Press,  |c 1966. 
300 |a xii, 733 pages ;  |c 25 cm. 
336 |a text  |b txt  |2 rdacontent 
337 |a unmediated  |b n  |2 rdamedia 
338 |a volume  |b nc  |2 rdacarrier 
504 |a "Bibliographical essay": pages 677-710. 
650 0 |a Conservatism  |z Germany. 
651 0 |a Germany  |x Intellectual life. 
999 |a MARS 
999 f f |s 3d5b7d76-8d0b-3882-860a-05b6c0878fb3  |i ae8f8130-a185-39af-b683-cc64f691b7f6  |t 0 
952 f f |p ric  |a Texas A&M University  |b Rellis Campus  |c Joint Library Facility  |d Remote Storage  |t 0  |e DD65 .E6  |h Library of Congress classification  |i unmediated -- volume  |m A14800658907 
998 f f |a DD65 .E6  |t 0  |l Remote Storage